Score 0/10 Timer 03:00
2 Plays Today
Question Answer Wrong Answers
Silly rabbit, ___ are for kids! Trix
97.3%
Apple Jacks
0.2%
Count Chocula
0.4%
Golden Crisp
0.5%
They're gr-r-reat! Frosted Flakes
96.6%
Raisin Bran
0.5%
Froot Loops
0.6%
Rice Krispies
0.6%
Two scoops of raisins. Raisin Bran
96%
Frosted Flakes
0.5%
Lucky Charms
1%
Honey Nut Cheerios
0.8%
I’m Cuckoo for _____ _____ Cocoa Puffs
95.5%
Capn Crunch
1.7%
Frosted Flakes
0.4%
Lucky Charms
0.7%
Snap! Crackle! Pop! Rice Krispies
93.8%
Smacks
3.3%
Lucky Charms
0.7%
Trix
0.6%
It's a Honey of an O' Honey Nut Cheerios
88.6%
Smacks
9.1%
Capn Crunch
0.4%
Rice Krispies
0.3%
Follow your nose, it always knows. Froot Loops
88%
Apple Jacks
3.4%
Count Chocula
4%
Trix
2.8%
They're Magically Delicious! Lucky Charms
86.8%
Frosted Flakes
8.9%
Froot Loops
1.7%
Rice Krispies
1%
Crave those crazy squares. Cinnamon Toast Crunch
73.4%
Capn Crunch
17%
Frosted Flakes
1.5%
Cocoa Puffs
6.4%
We eat what we like. Apple Jacks
50%
Cinnamon Toast Crunch
6.9%
Golden Crisp
26.2%
Count Chocula
15.2%
Remove Ads.
Support Sporcle.
Get the best of Sporcle when you Go Orange. This ad-free experience offers more features, more stats, and more fun while also helping to support Sporcle. Thank you for becoming a member.

You're not logged in!

Compare scores with friends on all Sporcle quizzes.
OR
Log In

Show Comments

Extras

Top Quizzes Today


Score Distribution

Your Account Isn't Verified!

In order to create a playlist on Sporcle, you need to verify the email address you used during registration. Go to your Sporcle Settings to finish the process.

Report this User

Report this user for behavior that violates our Community Guidelines.

Details: